000 007180000a22002050004500
003 LK-CoMWRAF
005 20240315102407.0
008 230817t1998 ||||| |||| 00| 0 eng d
040 _aLK-CoMWRAF
_dLK-CoMWRAF
_eLK-CoMWRAF
041 _atam
082 _a305.8
_bGAM
245 _aகம்பஹ மாவட்ட முஸ்லிம்கள்
246 _aGampaha Mawattam Muslimgal
246 _aMuslims of Gampaha District : History & Heritage
260 _aColombo:
_bDepartment of Muslim Religious & Cultural Affairs,
_c1998
300 _a243 p.;maps
650 _aMUSLIMS-Gampaha district-Sri Lanka
700 _aஜெமீல், எஸ்.எச்.எம்.
_eed.
_yJameel, S.H.M.
942 _cBK
999 _c1476
_d1476